| 000 | 00404nam a2200157Ia 4500 | ||
|---|---|---|---|
| 003 | LK-CoDNM | ||
| 005 | 20240808094414.0 | ||
| 008 | 010623t1582 xxu||||| |||| 00| 1 fra d | ||
| 040 |
_aLK-CoDNM _dLK-CoDNM _eLK-CoDNM |
||
| 041 | _afra | ||
| 080 |
_a16 _bV12 |
||
| 245 | _aThe Firft booke of the Historie of the Difcouerie | ||
| 260 |
_bThomas Ealt _aLondon _c1582 |
||
| 300 | _b164p ; 18 cm | ||
| 942 | _cBK | ||
| 999 |
_c80691 _d80691 |
||